000
00277nam a2200109Ia 4500
008
200302s9999 xx 000 0 und d
100
_a
R. K. Pachauri
245
_a
Dealing with Climate Change
260
_b
The Energy and Resources Institute
260
_c
2010
300
_a
238 P.,
999
_c
5756
_d
5756